000 00338nam a22001337a 4500
008 230621b xxu||||| |||| 00| 0 eng d
020 _a9291421928
082 _a328.3
_bIPU 2004
245 _aChronicle of Parliamentary Elections
260 _aGeneva
_bInter-Parliamentary Union
_c2004
300 _a172p
440 _v37
942 _2ddc
_cBK
999 _c2134
_d2134